Typisch US-Amerikanisch! -1- - Statistiken

Allgemein
  • Dieses Quiz wurde 849 mal gespielt
  • Das Durchschnittsergebnis liegt bei 12 aus 16
Antwortstatistiken
Bildquiz Antwort % Korrekt
Kentucky Fried Chicken
97%
Baseball
96%
Cheerleader
93%
Las Vegas
93%
Thanksgiving
90%
Nativ Americans
89%
Mount Rushmore
77%
Bill Clinton
76%
Washington DC
71%
Super Bowl
70%
Wendys
65%
Tom Brady
64%
Black Friday
56%
Ford Mustang
52%
Los Angeles
41%
Miami Heat
35%
Keine übereinstimmenden Quizze gefunden
Verteilung der Resultate
Anzahl Personen mit jedem Resultat
Perzentil nach korrekt beantworteten Fragen
Ihre Resultats-Entwicklung
Sie haben dieses Quiz noch nicht gespielt